000 00609nam a2200229Ia 4500
003 OSt
005 20221005133256.0
006 a|||||r|||| 00| 0
007 ta
008 221004b |||||||| |||| 00| 0 eng d
024 _a57532
037 _cTextual
040 _aCRL
_cCRL
_beng
041 _2eng
_aeng
082 _aU:282k, D9
245 0 _aWestern Rajputana states residency and the Bikaner agency (Gazetteer ) comp by K D Erskine.
260 _c1909
490 _aRajputana Gazetteers,3A.
650 _aGEOGRAPHY
942 _hU:282k, D9
_cTEXL
_2cc
999 _c1066319
_d1066319